<?xml version="1.0" encoding="UTF-8"?>
<marc:record xmlns:marc="http://www.loc.gov/MARC21/slim">
   <marc:leader>00000nam a2200000 a 4500</marc:leader>
   <marc:datafield ind1="1" ind2=" " tag="100">
      <marc:subfield code="a">Smith, Billy B.</marc:subfield>
      <marc:subfield code="4">aut</marc:subfield>
      <marc:subfield code="e">Verfasser/-in</marc:subfield>
   </marc:datafield>
   <marc:datafield ind1="0" ind2="0" tag="245">
      <marc:subfield code="a">Die Gaben des Heiligen Geistes</marc:subfield>
   </marc:datafield>
   <marc:datafield ind1=" " ind2="1" tag="264">
      <marc:subfield code="b">keine Angabe</marc:subfield>
   </marc:datafield>
   <marc:datafield ind1="1" ind2=" " tag="520">
      <marc:subfield code="a">Billy Smith, steht seit 20 Jahren als Missionar, Evangelist und Lehrer im vollzeitlichen Dienst. Er hat das Evangelium in über 30 Nationen verkündigt und in mehr als 40 Bibelschulen auf der ganzen Welt gelehrt. Billy und seine Frau Mary haben durch die Gaben des Geistes Tausenden von Menschen Heilung und  Befreiung vermitteln können. Sie haben mit eigenen Augen gesehen, wie Krüppel geheilt, Blinde sehend, Krebs- und sogar AIDS-Kranke geheilt wurden.</marc:subfield>
   </marc:datafield>
   <marc:datafield ind1="3" ind2=" " tag="024">
      <marc:subfield code="a">9781879612105</marc:subfield>
   </marc:datafield>
</marc:record>
